000 00298nam a2200133Ia 4500
008 231017s9999 xx 000 0 und d
082 _a363.1256422WIL
082 _bWIL
245 0 _aNCHRP Synthesis 336: Road Safety Audits
245 0 _cTRB
260 _bTRB
300 _c30cm
942 _cREP
999 _c603753
_d603753